Catálogo

CIRCUITOS DE FLUIDOS, SUSPENSION Y DIRECCION (Registro nro. 49881)

Detalles MARC
000 -LEADER
fixed length control field 00940nam a2200205 a 4500
001 - CONTROL NUMBER
control field 49881
005 - DATE AND TIME OF LATEST TRANSACTION
control field 20180714034737.0
008 - FIXED-LENGTH DATA ELEMENTS--GENERAL INFORMATION
fixed length control field 140415s2003 sp 000 0 spa d
020 ## - INTERNATIONAL STANDARD BOOK NUMBER
International Standard Book Number 8497322053
041 ## - LANGUAGE CODE
Language code of text/sound track or separate title spa
082 ## - DEWEY DECIMAL CLASSIFICATION NUMBER
Classification number 629.222
Item number ALO
100 1# - MAIN ENTRY--PERSONAL NAME
Personal name ALONSO, JOSE MANUEL
245 10 - TITLE STATEMENT
Title CIRCUITOS DE FLUIDOS, SUSPENSION Y DIRECCION
250 ## - EDITION STATEMENT
Edition statement 3a ed.
260 ## - PUBLICATION, DISTRIBUTION, ETC.
Place of publication, distribution, etc. ESPAÑA :
Name of publisher, distributor, etc. INTERNATIONAL THOMSON EDITORES,
Date of publication, distribution, etc. 2003
300 ## - PHYSICAL DESCRIPTION
Extent 266
Dimensions 21 x 1.4 x 29.6
490 ## - SERIES STATEMENT
Series statement MANTENIMIENTO DE VEHÍCULOS AUTOPROPULSADOS
520 ## - SUMMARY, ETC.
Summary, etc. EN ESTA OBRA SE DESCRIBEN MINUCIOSAMENTE LOS CIRCUITOSDE FLUIDOS Y SU APLICACION A LOS SISTEMAS DE SUSPENSION Y DIRECCION, ANALIZANDO LA TEORIA DE SU FUNCIONAMIENTO INDIVIDUAL Y DE CONJUNTO, ASI COMO LAS NUEVAS TECNICAS APLICADAS. POSTERIORMENTE SE DETALLAN LOS PROCESOS DE VERIFICACION Y CONTROL NECESARIOS PARA REALIZAR LAS OPORTUNAS REPARACIONES.
650 14 - SUBJECT ADDED ENTRY--TOPICAL TERM
Topical term or geographic name entry element AUTOMOVILES
General subdivision TRANSPORTE
Existencias
Withdrawn status Lost status Source of classification or shelving scheme Damaged status Not for loan Collection code Home library Current library Shelving location Date acquired Source of acquisition Inventory number Total Checkouts Total Renewals Full call number Barcode Date last seen Date last checked out Price effective from Koha item type
    Dewey Decimal Classification     General Biblioteca Karol Wojtyla Biblioteca Karol Wojtyla Sala general 03/12/2013 Compra 151000000000000000012420 2 1 629.222 ALO 74514 05/01/2026 05/11/2019 03/12/2013 Libro